| 000 | 01721nam a2200241Ia 4500 | ||
|---|---|---|---|
| 003 | Ost | ||
| 005 | 20260507075000.0 | ||
| 008 | 260507s9999||||xx |||||||||||||| ||und|| | ||
| 040 | _cfsecg | ||
| 041 | _aara | ||
| 082 | _a338.9 | ||
| 100 |
_aالعمادي، محمد _eمؤلف |
||
| 245 | 0 |
_aهموم التنمية حوادث لن انساها / _c محمد العمادي |
|
| 260 |
_aدمشق: _bدار طلاس للتنمية والترجمة والنشر, _c2002 |
||
| 300 |
_a319 صفحة؛ _c24 سم |
||
| 504 | _aملحق الصور ص. 299-316 | ||
| 520 | _aيضم تسجيلا لحوادث هامة في سيرة التطور والتصحيح الاقتصادي التي مرت بها سوريا خلال العقود الاربع الماضية ، بأسلوب شيق يعكس التجربة الشخصية والمشارع والعلاقات الانسانية مع الاحداث الاقتصادية التي نتجت عن أذهان المثقفين والسياسات التي تم اتباعها منذ منتصف الثماننيات من القرن العشرين حتى الان في تطوير قوى الإبداع في المجتمع وايصال الاقتصاد السوري الى شاطئ السلامة يسجل تاريخ مرحلة هامة من مراحل التطور الإقتصادي والإجتماعي في سوريا من وجهة نظر أحد اللذين شاركوا في همومها وناضلوا من أجل ما رؤو في حقها. | ||
| 653 | _aالتنمية | ||
| 653 | _aالتنمية الإقتصادية | ||
| 653 | _aسوريا - الاحوال الاقتصادية | ||
| 653 | _aسوريا - التخطيط الاقتصادي | ||
| 942 | _cكتاب | ||
| 999 |
_c42071 _d42071 |
||